| 000 | 00503nam a2200169Ia 4500 | ||
|---|---|---|---|
| 008 | 090711s9999 xx 000 0 und d | ||
| 082 | _b58686 | ||
| 100 | _aअदवंत म. ना. | ||
| 245 | _aविराटपर्व | ||
| 260 |
_bव्हिनस प्रकाशन _c1957 |
||
| 300 | _a176 | ||
| 600 | _aअदवंत म. ना. | ||
| 630 | _aविराटपर्व | ||
| 700 | _aअदवंत म. ना. | ||
| 730 | _aविराटपर्व | ||
| 942 | _cBOOK | ||
| 999 |
_c281484 _d281484 |
||